CUET UG-2022/ (Record no. 200608)

MARC details
000 -LEADER
fixed length control field 00517nam a22001817a 4500
005 - DATE AND TIME OF LATEST TRANSACTION
control field 20240307172213.0
010 ## - LCCN (DPL NO)
LC control number ENG-139169
020 ## - INTERNATIONAL STANDARD BOOK NUMBER
International Standard Book Number 978-93-5618-075-8
Terms of availability 179.00
035 ## - SYSTEM CONTROL NUMBER
System control number EN-122701
037 ## - SOURCE OF ACQUISITION
Source of stock number/acquisition DBAD/PUB
082 ## - DEWEY DECIMAL CLASSIFICATION NUMBER
Classification number 000
Edition number 1
Item number 1
100 ## - MAIN ENTRY--PERSONAL NAME
Personal name SAGAR, RACHNA
245 ## - TITLE STATEMENT
Title CUET UG-2022/
Statement of responsibility, etc RACHNA SAGAR
260 ## - PUBLICATION, DISTRIBUTION, ETC. (IMPRINT)
Place of publication, distribution, etc New Delhi
Name of publisher, distributor, etc RACHNA SAGAR PVT.LTD.
Date of publication, distribution, etc 2022
270 ## - ADDRESS
Address 4583/ 15, Daryaganj
City New Delhi
Postal code 110002
300 ## - PHYSICAL DESCRIPTION
Extent 156 Pages
Dimensions 22CM(PK)
942 ## - ADDED ENTRY ELEMENTS (KOHA)
Item type English Books
Classification part 000
Source of classification or shelving scheme Dewey Decimal Classification
Call number suffix SAG
Edition 1
Holdings
Withdrawn status Lost status Not for loan Collection code Home library Current library Date acquired Source of acquisition Cost, normal purchase price Full call number Barcode Copy number Cost, replacement price Koha item type
      Non-fiction Peshwa Road Peshwa Road 01/03/2024 DBAD/PUB 179.00 000 SAG EN-122701 1 179.00 English Books

© Delhi Public Library
Hit Counter
free hit counter